| 000 | 00493nam a22001817a 4500 | ||
|---|---|---|---|
| 005 | 20251108172532.0 | ||
| 008 | 250721s1984 xx 000 0 ara d | ||
| 082 | 1 | 4 | _a320.1/ماك |
| 100 | 1 | _aماكيفر، روبرت م | |
| 245 | 1 | 0 | _aتكوين الدولة / |
| 250 | _aط2. | ||
| 264 | 1 |
_aبيروت : _bدار العلم للملايين، _c1984. |
|
| 300 | _a539 ص. | ||
| 650 | 1 | 7 | _aالدولة |
| 700 | 1 |
_aصعب، حسن _eمترجم |
|
| 942 |
_2ddc _cBK |
||
| 999 |
_c81851 _d81851 |
||